Prevod správy majetku – založenie rozpočtovej organizácie obcou

Rozpočtové organizácie obce sú zriadené ako právnické osoby a zabezpečujú rôzne spoločenské úlohy nevýrobnej povahy.

Enregistré dans:
Détails bibliographiques
Auteur principal: Fabian, Štefan
Format: Chapitre de livre
Langue:slovaque
Sujets:
Tags: Ajouter un tag
Pas de tags, Soyez le premier à ajouter un tag!

MARC

LEADER 00000naa a2200000 4500
001 0210839
005 20221104112906.0
041 0 |a slo 
044 |a SK 
245 1 0 |a Prevod správy majetku – založenie rozpočtovej organizácie obcou  |c Štefan Fabian 
520 |a Rozpočtové organizácie obce sú zriadené ako právnické osoby a zabezpečujú rôzne spoločenské úlohy nevýrobnej povahy. 
610 2 0 |a prevod majetku 
610 2 0 |a organizácie rozpočtové 
610 2 0 |a obce 
610 2 0 |a osoby právnické 
100 1 |a Fabian, Štefan